Yatılı ilköğretim bölge okulları için bir iyileştirme projesi (Record no. 10242)

MARC details
000 -BAŞLIK
Sabit Uzunlukta Kontrol Alanı 00900na a2200253 4500
001 - KONTROL NUMARASI
Denetim Alanı 17412
003 - KONTROL NUMARASI IDENTIFIER
Denetim Alanı MIRAKIL
005 - SON İŞLEM TARİHİ VE ZAMANI
Denetim Alanı 20181213155312.0
008 - SABİT-BOY VERİ ELEMANLARI - GENEL BİLGİLER
Sabit Uzunlukta Kontrol Alanı 161031b tu 000 0
020 ## - ULUSLARARASI STANDART KİTAP NUMARASI
Uluslararası Standart Kitap Numarası 9756176008
035 ## - SİSTEM KONTROL NUMARASI
Sistem Kontrol Numarası 17412
040 ## - KATALOGLAMA KAYNAK
Orijinal Kataloglama Ajansı Milas
Kataloglama Dili tur
Metne Dönüştürmek Ajansı TR-AnCHP
041 ## - DİL KODU
Metin / Ses Parça Veya Ayrı Başlığın Dil Kodu tur
082 ## - DEWEY ONLU SINIFLANDIRMA NUMARASI
Sınıflandırma Numarası 373.22209566324
Ürün Numarası Y27 2004
090 ## - SINIFLAMA NUMARASI
Sınıflama Numarası 373.22209566324 Y27 2004
245 ## - BAŞLIK TABLOSU
Başlık Yatılı ilköğretim bölge okulları için bir iyileştirme projesi
Başlığın Kalan Kağızman modeli
Sorumluluk Tablosu, Vb derleyen: Tuna Bekleviç
260 ## - YAYIN, DAĞITIM, VB
Yayın, Dağıtım, Vb Yeri İstanbul
Yayıncı, Dağıtıcı, Vs Adı İstanbul Bilgi Üniversitesi Yayınları
Yayın, Dağıtım, Vb Tarihi 2004
300 ## - FİZİKSEL TANIM
Kapsam ix, 179 s.
Diğer Fiziksel Ayrıntıları fotg. ; res.
Boyutlar 23 sm.
440 ## - SERİSİ TABLOSU / KATMA GİRİŞİ - BAŞLIK
Başlık İstanbul Bilgi Üniversitesi yayınları
Bir İşin Parçası / Bölümün İsmi Eğitim; 3
Hacim / Ardışık Tanımı 85
610 ## - KONU KATMA GİRİŞ - TOPLANTI ADI
Giriş Elemanı Olarak Kurumsal Ad Veya Yargı Alanı Adı Yatılı İlköğretim bölge okulları (YİBO)
Genel Alt Bölüm İyileştirme projeleri
650 ## - KONU KATMA GİRİŞ - TOPİKAL DÖNEM
Topikal Süreli Veya Coğrafi Ad Giriş Elemanı Eğitim
Genel Alt Bölümü Yatılı okullar
Coğrafi Alt Bölümü Kağızman (Kars)
700 ## - KATMA GİRİŞ - KİŞİSEL İSİM
Kişisel Ad Bekleviç, Tuna
942 ## - EKLENDİ GİRİŞ ELEMANLARI (KOHA)
Sınıflandırma Veya Raf Düzeni Kaynak Dewey Decimal Classification
Koha Öğesi Türü Books
999 ## - SİSTEM KONTROL NUMARALARI (KOHA)
Koha Biblionumber 10242
Koha Biblioitemnumber 10242
Holdings
Kalıcı Konum Mevcut Konum Edinme Tarihi Edinim Kaynak Toplam Check-Out'Lar Tam Çağrı Numarası Barkod Tarih Son Görülme İtibaren Geçerli Fiyatlar Koha Öğesi Türü
CHP Kütüphanesi CHP Kütüphanesi 10/24/2016 Bağış   373.22209566324 Y27 2004 007131 10/24/2016 10/24/2016 Books